Η εγκληματικότης των ανηλίκων εις την περιφέρειαν πρωτευούσης
Αποθηκεύτηκε σε:
| Κύριος συγγραφέας: | |
|---|---|
| Συγγραφή απο Οργανισμό/Αρχή: | |
| Άλλοι συγγραφείς: | |
| Μορφή: | Βιβλίο |
| Γλώσσα: | Greek |
| Δημοσίευση: |
Αθήναι :
ΕΚΚΕ,
1974
|
| Θέματα: | |
| Ετικέτες: |
Προσθήκη ετικέτας
Δεν υπάρχουν, Καταχωρήστε ετικέτα πρώτοι!
|
MARC
| LEADER | 00000nam a2200000 i 4500 | ||
|---|---|---|---|
| 001 | 1/88559 | ||
| 008 | 930910s1974 gre d | ||
| 035 | |a 1986 |b 2 |c Δωρεά |l 10035531 | ||
| 040 | |a GR-MY-UA |b gre |e aacr | ||
| 041 | 0 | |a gre | |
| 082 | 0 | |a 364.3609495 | |
| 100 | 1 | |a Τσαούσης, Δημήτριος Γ. |d 1931- | |
| 245 | 1 | 2 | |a Η εγκληματικότης των ανηλίκων εις την περιφέρειαν πρωτευούσης / |c Δ. Γ. Τσαούση ; με την συνεργασία Ειρήνης Κορρέ-Crueger |
| 260 | |a Αθήναι : |b ΕΚΚΕ, |c 1974 | ||
| 300 | |a 133 σ. | ||
| 650 | 0 | 0 | |a Juvenile delinquency |z Greece |z Athens. |
| 650 | 0 | 0 | |a Juvenile delinquents |z Greece |z Athens. |
| 700 | 1 | |a Κορρέ-Crueger, Ειρήνη. | |
| 710 | 2 | |a Εθνικόν Κέντρον Κοινωνικών Ερευνών. | |
| 852 | |a INST |b CHIOS |e 19980701 |h 364.3609495 ΤΣΑ |p 005200005136 |q 005200005136 |t BK |y 0 | ||
| 852 | |a INST |b LESVOS |e 19961025 |h 364.3609495 ΤΣΑ |p 005100003964 |q 005100003964 |t BK |y 0 | ||
| 852 | |a INST |b LESVOS |e 19961025 |h 364.3609495 ΤΣΑ |p 005100009131 |q 005100009131 |t BK |y 0 | ||
| 852 | |a INST |b RHODES |e 19930910 |h 364.3609495 ΤΣΑ |p 005400003902 |q 005400003902 |t BK |y 0 | ||
| 852 | |a INST |b RHODES |e 19930910 |h 364.3609495 ΤΣΑ |p 005400003903 |q 005400003903 |t BK |y 0 | ||
| 852 | |a INST |b RHODES |e 19930910 |h 364.3609495 ΤΣΑ |p 005400003904 |q 005400003904 |t BK |y 0 | ||
| 909 | |a Ρ |b 003127 |c 1986 | ||
| 909 | |a Ρ |b 003129 |c 1986 | ||
| 909 | |a Ρ |b 003128 |c 1986 | ||
| 909 | |a Λ |b 013897 | ||
| 909 | |a Χ |b 000222 | ||